000 00712nam a22001937a 4500
005 20250221170147.0
008 230926b ||||| |||| 00| 0 eng d
082 _aDPer 379.1 J826 Winter - Spring 2020 v. 45 n. 3-4
100 _aBynoe, Tyrone.
_eauthor.
_949198
245 _aMassachusetts /
_cTyrone Bynoe.
260 _aUnited States ;
_bUniversity of Illinois Press and Johns Hopkins University Press,
_cWinter 2020.
300 _avolume 45, pages 315-317.
500 _aJournal of Education Finance, v. 45 n. 3, pages 315-317, Winter 2020.
650 _aFinance.
_949199
650 _aBudget.
_949200
650 _aEducation.
_949201
700 _aBynoe, Tyrone.
_eauthor.
_949198
942 _2ddc
_cPER
999 _c18235
_d18235